| 000 | 00644nam a22001817a 4500 | ||
|---|---|---|---|
| 003 | OSt | ||
| 005 | 20251125142105.0 | ||
| 008 | 251125b |||||||| |||| 00| 0 eng d | ||
| 020 | _a 978168752683 | ||
| 040 |
_aDWC-Main lib _cOC |
||
| 082 | _aCirc. 005.133 D536p 2019 | ||
| 100 | _aDijk, Peter Van | ||
| 245 |
_aPython programming: _ba comprehensive crash course in python for absolute beginners/ _cPeter Van Dijk |
||
| 260 |
_a[ place of publication not identified]: _bPython programming , _cc2019. |
||
| 300 |
_a180 pages : _billustrations ; _c21cm. |
||
| 650 | _a1. Python (computer program language) | ||
| 942 |
_2ddc _cBK-CIRC _kCirc. _n0 |
||
| 999 |
_c6286 _d6286 |
||